Welcome to the Holygrace Academy Library

Please use search bar below to get started

MY JOURNEY WITH JESUS (Record no. 5192)

MARC details
000 -LEADER
fixed length control field 00275nam a22001217a 4500
082 ## - DEWEY DECIMAL CLASSIFICATION NUMBER
Classification number 200
Item number PAR/J
100 ## - MAIN ENTRY--AUTHOR NAME
Personal name PAROKARAN, FR.JOHN
245 ## - TITLE STATEMENT
Title MY JOURNEY WITH JESUS
260 ## - PUBLICATION, DISTRIBUTION, ETC. (IMPRINT)
Place of publication CHALAKUDY
Name of publisher DIVINE PRINTERS
Year of publication 2008
300 ## - PHYSICAL DESCRIPTION
Number of Pages 270
650 ## - SUBJECT ADDED ENTRY--TOPICAL TERM
Topical Term RELIGIOUS
Geographic subdivision KERALA
942 ## - ADDED ENTRY ELEMENTS (KOHA)
Koha item type Books
Holdings
Withdrawn status Lost status Collection code Home library Current library Shelving location Date acquired Source of acquisition Full call number Accession Number Koha item type
    Non-fiction Main Library Main Library SHELF 15 C-RELIGIOUS 19/05/2010 purchase 200 PAR/J 05301 Books